| 000 | 00792am a2200289a 44500 | ||
|---|---|---|---|
| 003 | AR-BaBNM | ||
| 005 | 20251128211023.0 | ||
| 008 | 020703s1998 Gra|||||||||||000 | ing|| | ||
| 020 | _a0-521-34817-X | ||
| 040 | _cAR-BaBNM | ||
| 100 | 1 | _aLindop, Christine | |
| 245 | 1 | 0 |
_aSomething to read _ba reader for elementary students of english _n1 |
| 250 | _a1st ed. | ||
| 260 |
_aCambridge _bCambridge University Press _c1998 |
||
| 300 |
_a60 p. _bil., tablas |
||
| 650 | 4 | _aINGLES | |
| 650 | 4 | _aMEJORA DE LA LECTURA | |
| 650 | 4 | _aENSEÑANZA DE IDIOMAS | |
| 650 | 4 | _aACTIVIDADES DE APRENDIZAJE | |
| 650 | 4 | _aGRAMATICA | |
| 650 | 4 | _aENSEÑANZA DEL VOCABULARIO | |
| 650 | 4 | _aVOCABULARIO | |
| 650 | 4 | _aLIBROS DE TEXTO | |
| 700 | 1 | _aFisher, Dominic | |
| 942 | _cBK | ||
| 998 | _craquel | ||
| 999 |
_c17920 _d17920 |
||